Germany Population Circles Quiz Stats

 Plays Quiz Updated Sep 30, 2019

Score 0/7 Timer 02:30
10 Plays Today
% Correct
5.2
million
84%
13.5
million
83.4%
7.4
million
74.3%
5.0
million
73.7%
4.4
million
60%
6.3
million
58.9%
4.4
million
41.5%

You're not logged in!

Compare scores with friends on all Sporcle quizzes.
OR
Log In

Sporcle TV

Today on Sporcle TV


Watch our educational content, quiz creation guides, and fun videos on Sporcle TV.

Show Comments

Extras

Top Quizzes Today


Score Distribution

Your Account Isn't Verified!

In order to create a playlist on Sporcle, you need to verify the email address you used during registration. Go to your Sporcle Settings to finish the process.

Report this User

Report this user for behavior that violates our Community Guidelines.

Details: